| 000 | 00462nam a22001817a 4500 | ||
|---|---|---|---|
| 003 | NUST - PNEC | ||
| 005 | 20170116180753.0 | ||
| 008 | 150313b xxu||||| |||| 00| 0 eng d | ||
| 020 | _a- | ||
| 040 | _cLIBRARY | ||
| 082 | _a891.4391 WAS | ||
| 100 |
_91827 _aWasif Ali Wasif |
||
| 245 |
_aShab E Chiragh _cWasif Ali Wasif |
||
| 260 |
_aLahore _bKashif Publications _c- |
||
| 300 | _a255 p. : | ||
| 650 |
_91828 _aUrdu Literature _xGeneral |
||
| 942 |
_2ddc _cBK |
||
| 999 |
_c62619 _d62619 |
||